000 01283cam a22003253a 4500
001 0000679
003 DO-SdBNP
005 20230515114749.0
007 0000679
008 861112 2006 mx c 000 0 spa d
010 _a
020 _a9789587042443
040 _aBPMSU
_cspa
_dBPMSU
_d
082 4 _a305.23
_bB462m 2006
_222
100 1 _aBenedetti, Mario
_d1920-2009
_942
245 1 0 _aMemoria y esperanza
_bun mensaje a los jóvenes /
_cMario Benedetti ; fotografías Larry Towell...[et al].
250 _a8a. reimpr. de agosto 2009.
260 _aMéxico :
_bAlfaguara,
_c2006.
_b
300 _a89, [2] p. :
_b il. fots. ;
_c24 cm.
500 _aIncluye datos biográficos del autor en la solapa de la cubierta
505 0 _a Un mundo de paciencia y asco. Con los jóvenes. La razón de la inocencia. La infancia falseada. American way of death. La hipocresía. Canción basura. Sexo y amor. La juventud perdurable. El continente joven. El secreto de la salvación.
590 _aInventariado, 2023/VM
600 0 0 _a
_x
650 4 _aJuventud
_xAspectos sociales.
650 4 _aJuventud
_vPoesías
650 4 _aJuventud
_vEnsayos, conferencias, etc.
700 1 _aTowell, Larry
_efot.
910 _aYLOCKWARD/ VMateo V. Control de calidad (BPMSU)
942 _2ddc
_cBK
999 _c11419
_d11419